| 000 | 00433nam a22001577a 4500 | ||
|---|---|---|---|
| 005 | 20250828122038.0 | ||
| 008 | 250828b |||||||| |||| 00| 0 eng d | ||
| 020 | _a978-93-80864-66-2 | ||
| 041 | _aeng | ||
| 082 | _a294.592 | ||
| 100 |
_aMAHULIKAR, PROF GAURI AND DESHPANDE, UTKARSHA _98652 |
||
| 245 | _aUPAVEDAS IKS IN APPLICATION | ||
| 260 |
_aKERALA _bCHINMAYA INTERNATIONAL FOUNDATION _c2025 |
||
| 300 | _a162;P | ||
| 942 | _cBK | ||
| 999 |
_c8778 _d8776 |
||